01438cam a22002654a 450000500170000000800410001702000150005804000340007304100080010704400070011508200160012224501380013824600560027626000490033230000750038150501840045665000450064065000450068565000150073071000580074594200150080399900150081895201720083395201670100520160208163732.0070126s2004 ck ab 000 0 spa c a9583359246 aAGLcAGLdCUYdDLCdCO-BoIAVH0 aspa ack04a631.5bA65c00aCultivando la diversidad en Colombia :bexperiencias locales de crianza de la biodiversidad /cequipo editor, ASPROINCA ... [et al.].30aExperiencias locales de crianza de la biodiversidad3 aBogotá, Colombia :bGrupo Semillas,c2004. a111 páginas :bIlustraciones (algunas a color), mapas ;c28 x 20 cm. a1. Proyecto Cultivando Diversidad. 2. Organizaciones campesinas e indígenas de Colombia y la soberanía alimentaria. 3. Experiencias locales de enseñanza de la biodiversidad.24aAgricultura AlternativazRegión Andina24aAgricultura AlternativazRegión Caribe14aDiversidad2 aAsociación de Productores Indígenas y Campesinos. 2ddccLIBRO c3882d3882 00102ddc40708GENERALIINV2017aVenadobVenadod2004-05-27eInstitutog15000.00l0oLB-631.5 A65cp015948r2012-12-04 00:00:00tEj. 2w2012-12-04xDonaciónyLIBRO 00102ddc40708GENERALIINV2017aBogotabBogotad2015-07-10eInstitutog15000.00l0oLB-631.5 A65cp038882r2015-07-10 00:00:00tEj. 1w2015-07-10xCanjeyLIBRO